| 000 | 00463nam a2200193Ia 4500 | ||
|---|---|---|---|
| 005 | 20250326141539.0 | ||
| 008 | 250326s9999 xx 000 0 und d | ||
| 037 | _aTextbook | ||
| 040 |
_aFMSL _beng _cFMSL |
||
| 041 |
_aeng _2eng |
||
| 084 | _qFMSL | ||
| 100 | _aNil | ||
| 245 | 0 |
_aHarvard Business Review . _cNil |
|
| 260 |
_aNil _bNil _c1989 |
||
| 300 | _aNil | ||
| 490 | _v67 /1 ,2 ,4, 6, | ||
| 942 | _cTB | ||
| 999 |
_c1290807 _d1290807 |
||